Кратка история на американската литература (Запис номер 106120)
[ съкратено ]
| 000 -Лидер | |
|---|---|
| Контролно поле с фиксирана дължина | 01560nam a2200361 c 4500 |
| 003 - Код на организацията, давaща контролен номер | |
| Контролно поле | BLK |
| 005 - Дата и час на последна редакция | |
| Контролно поле | 20240622144435.0 |
| 008 - Елементи от данни с фиксирана дължина | |
| fixed length control field | 180409b bul|||||r ||||||| ||bul|| |
| 010 ## - Наследен системен номер | |
| LC control number | KNG00111373000 |
| 040 ## - Източник на каталожния запис | |
| Идентификатор на билиотеката - собственик на записа | BLK |
| 041 ## - Код за език | |
| Код за езика на текст/звукозапис или на отделно заглавие | Български |
| Код за езика КДБФ | Български |
| 080 ## - УДК | |
| Текстов определител УДК | Американска литература (на САЩ) |
| УДК код - определител по УДК | 821.111(73) |
| УДК определител | .09(091)(092) |
| УДК - код + определител | 821.111(73).09(091)(092) |
| 080 ## - УДК | |
| Текстов определител УДК | Биографии |
| УДК код - определител по УДК | 929 |
| УДК определител | (73) |
| УДК - код + определител | 929(73) |
| 100 1# - Редна дума - Автор | |
| Автор | Ванспанкърън, Катрин |
| Авторска отговорност | първи автор |
| R(LIN) | 45450 |
| 139 ## - Редно поле | |
| Редна дума | Ванспанкърън, Катрин |
| Авторски знак | Ванк - В 20 |
| 245 10 - Сведения за заглавието | |
| Заглавие | Кратка история на американската литература |
| Редно поле (дума) | Катрин Ванспанкърън; прев. от англ. Никола Димитров Найденов. |
| 257 ## - Страна на издаване | |
| Страна на създаване/издаване | Австрия |
| 260 ## - Област на издателските данни | |
| -- | Vienna |
| Име на издателя, разпространителя и проч. | Regional program office |
| Година на издаване | 2001 |
| 300 ## - Физическа характеристика | |
| Страници | 130 с. |
| Размери/Мащаб | 20 см |
| 380 ## - Жанр | |
| Жанр | Литературознание |
| 500 ## - Общи забележки | |
| Забележка | Изд. на Информационната агенция на Съединените щати |
| 650 #0 - Допълнително описание по предмет – тема | |
| Основно описание – тема или топоним | Писатели, американски |
| 9 (RLIN) | 248601 |
| 650 #4 - Допълнително описание по предмет – тема | |
| Основно описание – тема или топоним | Американска литература |
| 9 (RLIN) | 266141 |
| 653 ## - Ключова дума – ненормативна | |
| Ключова дума | американска литература |
| 653 ## - Ключова дума – ненормативна | |
| Ключова дума | писатели |
| 700 1# - Други автори (авторска отговорност) | |
| Лично име | Найденов, Никола Димитров |
| Автороска отговорност (Описва отношението между автора и произведението) | прев. от англ. |
| 9 (RLIN) | 310494 |
| 852 ## - Местоположение | |
| Форматна сигнатура | Цб 218298 |
| 856 4# - Електронен адрес и достъп | |
| Електронен формат | pdf - файл |
| Път до файла /url/ | |
| 856 4# - Електронен адрес и достъп | |
| Електронен формат | pdf - файл |
| Път до файла /url/ | |
| 942 ## - АРТИКУЛИ | |
| Вид на библиотечния материал | Книги |
| Скрит в OPAC | Не |
| 944 ## - СЪЗДАВАНЕ И РЕДАКЦИЯ на ЗАПИСА | |
| Създаване/Редакция | Създаване |
| Дата на регистрацията/редакция | 26.02.2004 |
| Служител, извършил регистрацията/редакцията | 30560 |
| Статус, дата на статуса | Геновева Генчева |
| 944 ## - СЪЗДАВАНЕ И РЕДАКЦИЯ на ЗАПИСА | |
| Създаване/Редакция | Редакция |
| Дата на регистрацията/редакция | 14.11.2014 |
| Служител, извършил регистрацията/редакцията | Виолета_Тройчева |
| 999 ## - СИСТЕМНИ КОНТРОЛНИ НОМЕРА | |
| Koha biblionumber | 106120 |
| Koha biblioitemnumber | 106120 |
| Код за отписване | Код за изгубен артикул | Код за повреда | Коз за рестрикции | Код за отдаване | Артикулен № | Име на библиотеката - собственик | Име на библиотеката, в която се намира в момента | Статус (Текущо местоположение) | Дата на вписване в системата | Местоположение - отдел | Цена в лева | Инвентарен номер | Систематично азбучна сигнатура | Баркод | Номер на екземпляра | Цена в евро | Служебна бележка | Служебен тип на артикула | Източник на класификационната схема |
|---|---|---|---|---|---|---|---|---|---|---|---|---|---|---|---|---|---|---|---|
| Не е изгубен | Не е повреден | без рестрикции | ползва се в читалня | 171175 | Регионална библиотека "Любен Каравелов" Русе | Регионална библиотека "Любен Каравелов" Русе | Хранилище | 2004-02-26 | Основен фонд - ползва се само за читалня | 6.00 | 120000683143 | Цб 218298 | 120000683143 | 1 | 3.07 | Дост: DA Вид: А N: 3 Дата: 25.02.2004 | Книги | ||
| Не е изгубен | Не е повреден | без рестрикции | заемане за дома | 171176 | Регионална библиотека "Любен Каравелов" Русе | Регионална библиотека "Любен Каравелов" Русе | Заемна - подръчен фонд | 2004-02-26 | Заемна - подръчен фонд | 6.00 | 120000683144 | П 821.111(73).09(092)/В 20 | 120000683144 | 2 | 3.07 | Дост: DA Вид: А N: 3 Дата: 25.02.2004 Дата инв: 08.02.2018 Бележки инв: П2018 | Книги | Universal Decimal Classification | |
| Не е изгубен | Не е повреден | без рестрикции | ползва се в читалня | 171177 | Регионална библиотека "Любен Каравелов" Русе | Регионална библиотека "Любен Каравелов" Русе | Читалня | 2004-02-26 | Читалня | 6.00 | 120000683145 | Ч 821.09/В 20 К | 120000683145 | 3 | 3.07 | Дост: DA Вид: А N: 3 Дата: 25.02.2004 Дата инв: 29.03.2017 Бележки инв: Ч2017 | Книги | Universal Decimal Classification | |
| Не е изгубен | Не е повреден | без рестрикции | заемане за дома | 171178 | Регионална библиотека "Любен Каравелов" Русе | Регионална библиотека "Любен Каравелов" Русе | Детски отдел | 2004-02-26 | Детски отдел | 6.00 | 120000683146 | ДН 821.09/В 20 | 120000683146 | 4 | 3.07 | Дост: DA Вид: А N: 3 Дата: 25.02.2004 Дата инв: 24.08.2015 Бележки инв: Д2015 | Книги | Universal Decimal Classification |